01003cam a22002773a 45000010008000000030009000080050017000170070008000340080039000420100006000810200015000870400025001021000019001272450113001462600057002593000025003165000119003416000009004607000023004697000038004929420012005309450036005429520105005789560025006839990017007080000724DO-SdBNP20171017095556.00000724861112 1989 sp a 000 0 spa d a  a8471516039 aBPMSUcspadBPMSUd 1 aBeck, Eleonore10aDios habla a sus hijos /cEleonore Beck ; ilustración Miren Sorne ; traducción Constantino Ruiz Garrido  aEstella (Navarra), España : bVerbo divino,c1989. a96 p. :bil.c19 cm. a"Como aporte al fortalecimiento de la fe, con motivo del V Centenario de la Evangelización de América Latina."00a x 12aSorne, Miren,eil.12aRuiz Garrido, Constantino,etrad. 2ddccBK aInventariado infantil / 2017 VM 00102ddc40708CI-GaBPMETbBPMETd2016-10-17eFUNDIl0pBPMSU16100192r2016-10-17w2016-10-17yBK 2YLOCKWARD3108BPMSU c11580d11580